[Event "Rottach Egern Seniors Cup 12th"]
[Site "Rottach Egern"]
[Date "2024.04.09"]
[Round "4"]
[White "Koppenhoefer, Heinz"]
[Black "Liphardt, Bodo"]
[Result "0-1"]
[WhiteElo "1728"]
[BlackElo "1869"]
[PlyCount "52"]
[EventDate "2024.04.06"]
[EventType "swiss"]
[EventRounds "9"]
[EventCountry "GER"]
[SourceTitle "CB16_2024"]
[SourceDate "2024.04.17"]
[SourceVersion "1"]
[SourceVersionDate "2024.04.17"]
[SourceQuality "1"]

1. e4 d5 2. exd5 Nf6 3. d4 Bg4 4. Nf3 Qxd5 5. Be2 e6 6. h3 Bf5 7. c4 Qa5+ 8. Nc3 Ne4 9. Qa4+ Qxa4 10. Nxa4 Bb4+ 11. Bd2 Nxd2 12. Nxd2 Nc6 13. Bf3 Nxd4 14. Rc1 Nxf3+ 15. gxf3 0-0-0 16. Nc3 Rd3 17. Ke2 Rhd8 18. Ndb1 R3d7 19. Rcd1 Bd3+ 20. Ke1 Bxb1 21. Rxd7 Rxd7 22. Ke2 Bxc3 23. Rxb1 Rd2+ 24. Ke3 Rxb2 25. Rxb2 Bxb2 26. Ke4 Kd7 0-1

[Event "MVP-ch Seniors op 19th"]
[Site "Ostseebad Binz"]
[Date "2019.12.01"]
[Round "5"]
[White "Rudolph, Karl Heinz"]
[Black "Liphardt, Bodo"]
[Result "1/2-1/2"]
[WhiteElo "1701"]
[BlackElo "1861"]
[PlyCount "37"]
[EventDate "2019.11.27"]
[EventType "swiss"]
[EventRounds "9"]
[EventCountry "GER"]
[SourceTitle "EXT 2021"]
[Source "ChessBase"]
[SourceDate "2020.10.23"]
[SourceVersion "1"]
[SourceVersionDate "2020.10.23"]
[SourceQuality "1"]

1. e4 e6 2. d4 d5 3. Nc3 dxe4 4. Nxe4 Bd7 5. Nf3 Bc6 6. Qd3 Nd7 7. Be3 Ngf6 8. Nxf6+ Nxf6 9. Be2 Be7 10. 0-0 Nd5 11. Ne5 Qd6 12. c3 Bf6 13. f4 Nxe3 14. Qxe3 Bxe5 15. fxe5 Qe7 16. Bh5 g6 17. Bf3 Bb5 18. Rf2 c6 19. Be2 1/2-1/2

[Event "MVP-ch Seniors op 18th"]
[Site "Ostseebad Binz"]
[Date "2018.12.06"]
[Round "9"]
[White "Liphardt, Bodo"]
[Black "Nuenchert, Eveline"]
[Result "0-1"]
[WhiteElo "1883"]
[BlackElo "1998"]
[PlyCount "56"]
[EventDate "2018.11.28"]
[EventType "swiss"]
[EventRounds "9"]
[EventCountry "GER"]
[SourceTitle "CBM 188 Extra"]
[Source "ChessBase"]
[SourceDate "2019.02.26"]
[SourceVersion "1"]
[SourceVersionDate "2019.02.26"]
[SourceQuality "1"]

1. e4 c5 2. Nc3 d6 3. f4 Nc6 4. Nf3 e6 5. Bc4 g6 6. 0-0 Bg7 7. d3 Nge7 8. Qe1 a6 9. f5 gxf5 10. Bg5 Nd4 11. Nxd4 cxd4 12. exf5 f6 13. Ne4 Nxf5 14. Rxf5 fxg5 15. Nxg5 Qe7 16. Bxe6 Be5 17. Rxe5 dxe5 18. Qxe5 Rf8 19. Re1 Kd8 20. Qa5+ Qc7 21. Qd5+ Bd7 22. Bf7 Kc8 23. Be6 Re8 24. Nf7 Rxe6 25. Rxe6 Bxe6 26. Nd6+ Kd7 27. Nb5+ Bxd5 28. Nxc7 Kxc7 0-1

[Event "MVP-ch Seniors op 18th"]
[Site "Ostseebad Binz"]
[Date "2018.11.28"]
[Round "1"]
[White "Liphardt, Bodo"]
[Black "Grueneschild, Hildegard"]
[Result "1-0"]
[WhiteElo "1883"]
[BlackElo "1364"]
[PlyCount "57"]
[EventDate "2018.11.28"]
[EventType "swiss"]
[EventRounds "9"]
[EventCountry "GER"]
[SourceTitle "CBM 188 Extra"]
[Source "ChessBase"]
[SourceDate "2019.02.26"]
[SourceVersion "1"]
[SourceVersionDate "2019.02.26"]
[SourceQuality "1"]

1. e4 c5 2. Nc3 Nc6 3. f4 a6 4. Nf3 b5 5. g3 d6 6. Bg2 Bb7 7. 0-0 Nf6 8. d4 c4 9. e5 dxe5 10. fxe5 Nd5 11. Nxd5 Qxd5 12. Ng5 Qxd4+ 13. Qxd4 Nxd4 14. Bxb7 Ne2+ 15. Kf2 Rd8 16. Bc6+ Rd7 17. Bxd7+ Kxd7 18. Kxe2 Kc6 19. Nxf7 e6 20. Nxh8 Bc5 21. Be3 a5 22. Bxc5 Kxc5 23. Rad1 g6 24. Rd6 b4 25. c3 bxc3 26. bxc3 Kb5 27. a4+ Kxa4 28. Rb6 Ka3 29. Ra1# 1-0

[Event "MVP-ch Seniors op 16th"]
[Site "Binz"]
[Date "2016.12.01"]
[Round "9.30"]
[White "Liphardt, Bodo"]
[Black "Gebuhr, Guenter"]
[Result "1/2-1/2"]
[WhiteElo "1836"]
[BlackElo "1985"]
[PlyCount "92"]
[EventDate "2016.11.23"]
[EventType "swiss"]
[EventRounds "9"]
[EventCountry "GER"]
[SourceTitle "EXT 2018"]
[Source "ChessBase"]
[SourceDate "2017.10.13"]
[SourceVersion "1"]
[SourceVersionDate "2017.10.13"]
[SourceQuality "1"]

1. e4 c5 2. Nc3 Nc6 3. f4 e6 4. Nf3 d5 5. Bb5 d4 6. Ne2 Nf6 7. Bxc6+ bxc6 8. d3 Be7 9. 0-0 0-0 10. b3 Qc7 11. Qe1 h6 12. Qg3 Nh7 13. e5 Kh8 14. Nd2 f5 15. exf6 Nxf6 16. Qg6 Bd7 17. Nf3 Be8 18. Qg3 Bh5 19. Re1 Bxf3 20. Qxf3 Nd5 21. Qg4 Rf6 22. Ng3 Nxf4 23. Bxf4 Rxf4 24. Qxe6 Bh4 25. Qe5 Qf7 26. Qxc5 Qg6 27. Rf1 Bxg3 28. hxg3 Qxg3 29. Rxf4 Qxf4 30. Rf1 Qe3+ 31. Kh2 Qe2 32. Rf8+ Rxf8 33. Qxf8+ Kh7 34. Qf5+ Kh8 35. Qc8+ Kh7 36. Qxc6 Qh5+ 37. Kg3 Qg5+ 38. Kf3 Qe3+ 39. Kg4 Qg5+ 40. Kh3 Qh5+ 41. Kg3 Qg5+ 42. Kf2 Qe3+ 43. Kf1 Qc1+ 44. Ke2 Qe3+ 45. Kd1 Qg1+ 46. Kd2 Qe3+ 1/2-1/2

[Event "MVP-ch Seniors op 16th"]
[Site "Binz"]
[Date "2016.11.29"]
[Round "7.39"]
[White "Kuehn, Peter1111"]
[Black "Liphardt, Bodo"]
[Result "1/2-1/2"]
[WhiteElo "1977"]
[BlackElo "1836"]
[PlyCount "89"]
[EventDate "2016.11.23"]
[EventType "swiss"]
[EventRounds "9"]
[EventCountry "GER"]
[SourceTitle "EXT 2018"]
[Source "ChessBase"]
[SourceDate "2017.10.13"]
[SourceVersion "1"]
[SourceVersionDate "2017.10.13"]
[SourceQuality "1"]

1. e4 d5 2. exd5 Nf6 3. Bb5+ Bd7 4. Bc4 Bg4 5. f3 Bf5 6. Nc3 Nbd7 7. g4 Nb6 8. Bb5+ Bd7 9. Bxd7+ Qxd7 10. Qe2 Nfxd5 11. Nxd5 Nxd5 12. d3 e6 13. Bd2 Nb4 14. Bxb4 Bxb4+ 15. c3 Be7 16. 0-0-0 h5 17. Kb1 0-0-0 18. Qe3 Kb8 19. g5 Qa4 20. Ne2 Rd5 21. h4 Rhd8 22. Nc1 Rb5 23. Rd2 Rd6 24. Qe4 Ra6 25. Qh7 b6 26. Qxg7 Qf4 27. Re2 Ba3 28. Rhe1 Qxh4 29. Nb3 Bxb2 30. Re4 Qh2 31. R1e2 Qg1+ 32. Kxb2 Rxb3+ 33. Kxb3 Qb1+ 34. Rb2 Qxd3 35. Qxf7 Qd1+ 36. Rc2 Qd5+ 37. c4 Qd3+ 38. Kb2 Rxa2+ 39. Kxa2 Qxc2+ 40. Ka3 Qc3+ 41. Ka4 Qc2+ 42. Kb4 Qb2+ 43. Ka4 Qc2+ 44. Kb4 Qb2+ 45. Ka4 1/2-1/2

[Event "Schleswig Holstein-ch Seniors op 10th"]
[Site "Buesum"]
[Date "2016.09.26"]
[Round "1"]
[White "Knaak, Joachim"]
[Black "Liphardt, Bodo"]
[Result "1-0"]
[WhiteElo "2142"]
[BlackElo "1844"]
[PlyCount "89"]
[EventDate "2016.09.26"]
[EventType "swiss"]
[EventRounds "9"]
[EventCountry "GER"]
[SourceTitle "EXT 2019"]
[Source "ChessBase"]
[SourceDate "2018.10.10"]
[SourceVersion "1"]
[SourceVersionDate "2018.10.10"]
[SourceQuality "1"]

1. d4 d5 2. c4 Nc6 3. Nf3 Bg4 4. cxd5 Bxf3 5. gxf3 Qxd5 6. e3 e6 7. Nc3 Bb4 8. Be2 Bxc3+ 9. bxc3 Qd6 10. Rb1 Rb8 11. e4 Nge7 12. Bd2 Ng6 13. h4 f6 14. Qc1 e5 15. d5 Nce7 16. c4 c5 17. Qa3 0-0 18. Qxa7 Ra8 19. Qb6 Nc8 20. Qb3 Nce7 21. Rb2 Nf4 22. Bf1 f5 23. Bxf4 exf4 24. Bd3 Qe5 25. Re2 Qa1+ 26. Bb1 Ra3 27. Qb2 Qxb2 28. Rxb2 Ng6 29. exf5 Ne5 30. Be4 Nxc4 31. Rxb7 Nd6 32. Rb3 Rxb3 33. axb3 Nxf5 34. Kd2 Nd6 35. Ra1 Re8 36. Bd3 Re5 37. Bc4 Re7 38. Ra6 Rd7 39. Rc6 Nb7 40. Kd3 Kf8 41. Ke4 Rd6 42. Kxf4 Rxc6 43. dxc6 Nd6 44. Ke5 Ke7 45. Kd5 1-0

[Event "Hessen-ch Seniors op 12th"]
[Site "Bad Sooden-Allendorf"]
[Date "2016.05.02"]
[Round "3"]
[White "Liphardt, Bodo"]
[Black "Krotofil, Kurt"]
[Result "0-1"]
[WhiteElo "1855"]
[BlackElo "1975"]
[PlyCount "48"]
[EventDate "2016.04.30"]
[EventType "swiss"]
[EventRounds "9"]
[EventCountry "GER"]
[SourceTitle "EXT 2019"]
[Source "ChessBase"]
[SourceDate "2018.10.10"]
[SourceVersion "1"]
[SourceVersionDate "2018.10.10"]
[SourceQuality "1"]

1. e4 c5 2. Nc3 Nc6 3. f4 d6 4. Nf3 g6 5. Bc4 Bg7 6. 0-0 e6 7. d3 Nge7 8. f5 d5 9. fxe6 dxc4 10. exf7+ Kf8 11. Be3 Nd4 12. Qd2 h6 13. Ne2 Nxe2+ 14. Qxe2 cxd3 15. Qd2 b6 16. Bf4 Ba6 17. Be5 Bxe5 18. Nxe5 Qd4+ 19. Rf2 Qxe5 20. cxd3 Rd8 21. Rf3 c4 22. Rc1 Rxd3 23. Rxd3 cxd3 24. Qb4 Kg7 0-1

[Event "Hessen-ch Seniors op 12th"]
[Site "Bad Sooden-Allendorf"]
[Date "2016.04.30"]
[Round "1"]
[White "Liphardt, Bodo"]
[Black "Haase, Reinhard"]
[Result "0-1"]
[WhiteElo "1855"]
[BlackElo "2127"]
[PlyCount "80"]
[EventDate "2016.04.30"]
[EventType "swiss"]
[EventRounds "9"]
[EventCountry "GER"]
[SourceTitle "EXT 2019"]
[Source "ChessBase"]
[SourceDate "2018.10.10"]
[SourceVersion "1"]
[SourceVersionDate "2018.10.10"]
[SourceQuality "1"]

1. e4 d5 2. exd5 Nf6 3. Bb5+ Bd7 4. Bc4 Bg4 5. f3 Bf5 6. Nc3 Nbd7 7. Qe2 Nb6 8. d4 Nxc4 9. Qxc4 a6 10. Bf4 Rc8 11. g4 Bxc2 12. Rc1 Bg6 13. Nge2 c6 14. dxc6 Rxc6 15. Qb3 e6 16. 0-0 Bd6 17. d5 exd5 18. Nxd5 0-0 19. Nxf6+ Qxf6 20. Rxc6 bxc6 21. Bxd6 Qxd6 22. Rd1 Qc5+ 23. Kg2 Qg5 24. Qc4 h5 25. h3 Qe5 26. Rd2 h4 27. Nf4 Bb1 28. Re2 Qd6 29. Re1 Bxa2 30. Qxa2 Qxf4 31. b3 Qg3+ 32. Kf1 Qxf3+ 33. Qf2 Qxh3+ 34. Kg1 Qxg4+ 35. Kh1 Qg3 36. Qd2 Qh3+ 37. Kg1 Qxb3 38. Re3 Qb6 39. Kh1 Rd8 40. Rd3 Qb1+ 0-1

[Event "MVP-ch Seniors op 15th"]
[Site "Binz"]
[Date "2015.11.27"]
[Round "4.40"]
[White "Schulz, Gerhard1111"]
[Black "Liphardt, Bodo"]
[Result "1-0"]
[WhiteElo "1735"]
[BlackElo "1899"]
[PlyCount "47"]
[EventDate "2015.11.24"]
[EventType "swiss"]
[EventRounds "9"]
[EventCountry "GER"]
[SourceTitle "EXT 2017"]
[Source "ChessBase"]
[SourceDate "2016.10.25"]
[SourceVersion "1"]
[SourceVersionDate "2016.10.25"]
[SourceQuality "1"]

1. d4 d5 2. Nf3 Nc6 3. e3 Bg4 4. Bb5 a6 5. Bxc6+ bxc6 6. c4 e6 7. Qa4 Bxf3 8. Qxc6+ Ke7 9. gxf3 Kf6 10. e4 Bb4+ 11. Ke2 g6 12. cxd5 Ne7 13. Qa4 c5 14. d6 Nf5 15. exf5 exf5 16. dxc5 Re8+ 17. Kf1 Re1+ 18. Kg2 Rxh1 19. Kxh1 Qb8 20. Be3 f4 21. Bd4+ Kg5 22. Qd7 f6 23. Qg4+ Kh6 24. Bxf6 1-0

[Event "Schleswig Holstein-ch Seniors op 9th"]
[Site "Buesum"]
[Date "2015.09.30"]
[Round "3"]
[White "Liphardt, Bodo"]
[Black "Kracht, Helmut"]
[Result "0-1"]
[WhiteElo "1892"]
[BlackElo "2039"]
[PlyCount "64"]
[EventDate "2015.09.28"]
[EventType "swiss"]
[EventRounds "9"]
[EventCountry "GER"]
[SourceTitle "EXT 2018"]
[Source "ChessBase"]
[SourceDate "2017.10.13"]
[SourceVersion "1"]
[SourceVersionDate "2017.10.13"]
[SourceQuality "1"]

1. e4 c5 2. Nc3 e6 3. f4 Nc6 4. Nf3 d5 5. Bb5 Nf6 6. Qe2 Be7 7. d3 0-0 8. 0-0 Nd4 9. Qf2 a6 10. e5 Ng4 11. Qg3 Nh6 12. Nxd4 cxd4 13. Ne2 Nf5 14. Qh3 axb5 15. g4 Ne3 16. Rf2 Nxc2 17. Rb1 Rxa2 18. Ng3 Ne3 19. Ne2 Qa5 20. b4 Bxb4 21. Nxd4 Rxf2 22. Kxf2 Qa2+ 23. Rb2 Nd1+ 24. Kf3 Nxb2 25. f5 Nxd3 26. Be3 Nxe5+ 27. Kf4 Nd3+ 28. Kg5 f6+ 29. Kh5 Bd7 30. g5 exf5 31. g6 hxg6+ 32. Kxg6 Ne5+ 0-1

[Event "Hessen-ch Seniors op 11th"]
[Site "Bad Sooden-Allendorf"]
[Date "2015.05.15"]
[Round "7"]
[White "Liphardt, Bodo"]
[Black "Klemt, Herbert"]
[Result "1-0"]
[WhiteElo "1892"]
[BlackElo "1820"]
[PlyCount "75"]
[EventDate "2015.05.09"]
[EventType "swiss"]
[EventRounds "9"]
[EventCountry "GER"]
[SourceTitle "EXT 2018"]
[Source "ChessBase"]
[SourceDate "2017.10.13"]
[SourceVersion "1"]
[SourceVersionDate "2017.10.13"]
[SourceQuality "1"]

1. e4 g6 2. d4 Bg7 3. Nf3 d6 4. Bc4 Nf6 5. Qe2 0-0 6. 0-0 Bg4 7. Rd1 Qc8 8. h3 Bxf3 9. Qxf3 Nc6 10. Be3 e5 11. d5 Ne7 12. Bg5 Nexd5 13. Bxd5 Nxd5 14. Rxd5 f5 15. exf5 Rxf5 16. Qe3 Qe6 17. Nc3 c6 18. Rd2 d5 19. Ne2 Rf7 20. Bh6 Raf8 21. Bxg7 Kxg7 22. Nd4 Qd6 23. Nf3 Rf5 24. Re1 Kg8 25. Nh2 h5 26. g4 hxg4 27. hxg4 d4 28. Qe4 Rg5 29. Qg2 Qd7 30. Re4 Rf4 31. Rxf4 exf4 32. Qe4 c5 33. Qxf4 Rd5 34. b3 Qe7 35. Nf3 g5 36. Qg3 b5 37. Kf1 Qh7 38. Qb8+ 1-0

[Event "Hessen-ch Seniors op 11th"]
[Site "Bad Sooden-Allendorf"]
[Date "2015.05.12"]
[Round "4"]
[White "Knaak, Joachim"]
[Black "Liphardt, Bodo"]
[Result "1-0"]
[WhiteElo "2140"]
[BlackElo "1892"]
[PlyCount "97"]
[EventDate "2015.05.09"]
[EventType "swiss"]
[EventRounds "9"]
[EventCountry "GER"]
[SourceTitle "EXT 2018"]
[Source "ChessBase"]
[SourceDate "2017.10.13"]
[SourceVersion "1"]
[SourceVersionDate "2017.10.13"]
[SourceQuality "1"]

1. d4 d5 2. c4 Nc6 3. Nf3 Bg4 4. cxd5 Bxf3 5. gxf3 Qxd5 6. e3 e6 7. Nc3 Bb4 8. Bd2 Bxc3 9. bxc3 Qd6 10. f4 Nf6 11. Bg2 0-0 12. c4 Qa3 13. Qb1 Rab8 14. d5 Rfd8 15. dxc6 bxc6 16. Qc1 Qd3 17. Qc3 Qg6 18. Bxc6 Rd3 19. Qe5 Rxd2 20. Kxd2 Rd8+ 21. Ke2 Qc2+ 22. Kf3 Rd2 23. Rhf1 h5 24. h3 Qd3 25. Rab1 Qe2+ 26. Kg2 h4 27. Rb8+ Kh7 28. Be4+ Nxe4 29. Qxe4+ f5 30. Qxe6 Rd6 31. Qxf5+ Rg6+ 32. Qxg6+ Kxg6 33. Rb7 Qxc4 34. Rxa7 Kf5 35. Ra5+ c5 36. Ra7 g5 37. fxg5 Qd5+ 38. Kh2 Qe5+ 39. Kg1 Ke4 40. Ra4+ Kd3 41. Rg4 c4 42. g6 Qg7 43. a4 c3 44. a5 c2 45. a6 Kd2 46. a7 Qxa7 47. g7 Qa6 48. Rd4+ Ke2 49. g8Q 1-0

[Event "Hessen-ch Seniors op 11th"]
[Site "Bad Sooden-Allendorf"]
[Date "2015.05.11"]
[Round "3"]
[White "Liphardt, Bodo"]
[Black "Husser, Oskar"]
[Result "1-0"]
[WhiteElo "1892"]
[BlackElo "1849"]
[PlyCount "43"]
[EventDate "2015.05.09"]
[EventType "swiss"]
[EventRounds "9"]
[EventCountry "GER"]
[SourceTitle "EXT 2018"]
[Source "ChessBase"]
[SourceDate "2017.10.13"]
[SourceVersion "1"]
[SourceVersionDate "2017.10.13"]
[SourceQuality "1"]

1. e4 d5 2. exd5 Nf6 3. Bb5+ Bd7 4. Bc4 b5 5. Bb3 a5 6. a3 Bg4 7. f3 Bc8 8. Nc3 Ba6 9. Nge2 b4 10. Ba4+ Nbd7 11. Ne4 Nxd5 12. Nc5 N5b6 13. Bc6 Ra7 14. axb4 Bc8 15. Nd4 e5 16. Nb5 axb4 17. Nxd7 Rxa1 18. Nxb6+ Ke7 19. Nd5+ Ke6 20. 0-0 Bd6 21. Qe2 Ba6 22. Nd4# 1-0

[Event "MVP-ch Seniors op 14th"]
[Site "Binz"]
[Date "2014.12.03"]
[Round "9"]
[White "Noelter, Gerd"]
[Black "Liphardt, Bodo"]
[Result "1/2-1/2"]
[WhiteElo "1619"]
[BlackElo "1775"]
[PlyCount "54"]
[EventDate "2014.11.25"]
[EventType "swiss"]
[EventRounds "9"]
[EventCountry "GER"]
[SourceTitle "EXT 2016"]
[Source "ChessBase"]
[SourceDate "2015.10.08"]
[SourceVersion "1"]
[SourceVersionDate "2015.10.08"]
[SourceQuality "1"]

1. d4 d5 2. Nf3 Nc6 3. Bf4 Bg4 4. Nbd2 Nf6 5. Ne5 Nxe5 6. Bxe5 e6 7. c3 Bd6 8. Bxd6 cxd6 9. Qa4+ Qd7 10. Qxd7+ Kxd7 11. e3 a6 12. Bd3 Rhe8 13. f3 Bh5 14. g4 Bg6 15. Bxg6 hxg6 16. 0-0-0 e5 17. Rde1 Nh7 18. f4 g5 19. f5 Nf6 20. Reg1 Rh8 21. Nf3 Ne4 22. Rg2 Rh3 23. Rf1 f6 24. Kc2 Rc8 25. Kd3 Rc4 26. Nd2 Nxd2 27. Kxd2 e4 1/2-1/2

[Event "MVP-ch Seniors op 14th"]
[Site "Binz"]
[Date "2014.11.30"]
[Round "6"]
[White "Liphardt, Bodo"]
[Black "Narr, Irmgard"]
[Result "1-0"]
[WhiteElo "1775"]
[BlackElo "1581"]
[PlyCount "87"]
[EventDate "2014.11.25"]
[EventType "swiss"]
[EventRounds "9"]
[EventCountry "GER"]
[SourceTitle "EXT 2016"]
[Source "ChessBase"]
[SourceDate "2015.10.08"]
[SourceVersion "1"]
[SourceVersionDate "2015.10.08"]
[SourceQuality "1"]

1. e4 e6 2. d4 d5 3. e5 c5 4. c3 Qb6 5. Nf3 Nc6 6. Bd3 Bd7 7. 0-0 Nge7 8. dxc5 Qxc5 9. Be3 Qa5 10. b4 Qc7 11. Bf4 Ng6 12. Bxg6 hxg6 13. Qe2 Ne7 14. Rc1 Nf5 15. Nbd2 b5 16. Nb3 a6 17. Nbd4 Be7 18. Bg5 Rh5 19. Bxe7 Nxe7 20. g4 Rh6 21. Nb3 Rd8 22. Nc5 Bc8 23. a4 bxa4 24. Rxa4 Nc6 25. Nxa6 Bxa6 26. Rxa6 Kf8 27. Rca1 Kg8 28. R1a3 d4 29. Qb5 d3 30. Qxc6 Qxc6 31. Rxc6 d2 32. Nxd2 Rxd2 33. Rc8+ Kh7 34. g5 Rh5 35. Raa8 Rxg5+ 36. Kf1 Rd1+ 37. Ke2 Rxe5+ 38. Kxd1 g5 39. Ra5 Re4 40. Ra2 g4 41. b5 Re5 42. c4 Rf5 43. b6 Rf3 44. b7 1-0

[Event "Hessen-ch Seniors op 10th"]
[Site "Bad Sooden-Allendorf"]
[Date "2014.05.03"]
[Round "8"]
[White "Liphardt, Bodo"]
[Black "Kolkwitz, Klaus"]
[Result "1/2-1/2"]
[WhiteElo "1905"]
[BlackElo "1905"]
[PlyCount "81"]
[EventDate "2014.04.26"]
[EventType "swiss"]
[EventRounds "9"]
[EventCountry "GER"]
[SourceTitle "EXT 2018"]
[Source "ChessBase"]
[SourceDate "2017.10.13"]
[SourceVersion "1"]
[SourceVersionDate "2017.10.13"]
[SourceQuality "1"]

1. e4 d6 2. d4 Nf6 3. Nc3 g6 4. Bg5 Bg7 5. Qd2 c6 6. Bh6 Bxh6 7. Qxh6 Qa5 8. Bd3 Qh5 9. Qxh5 Nxh5 10. 0-0-0 b5 11. g3 a6 12. f4 Ng7 13. h3 Nd7 14. Nf3 Bb7 15. Rde1 0-0-0 16. Rhf1 f6 17. h4 e5 18. fxe5 dxe5 19. dxe5 Nxe5 20. Nxe5 fxe5 21. Rf7 Rd7 22. Ref1 Rhd8 23. b4 Rxf7 24. Rxf7 Rd7 25. Rf8+ Kc7 26. Be2 Rd8 27. Rf1 Bc8 28. a4 Ne6 29. axb5 axb5 30. Bg4 Rf8 31. Rxf8 Nxf8 32. Bxc8 Kxc8 33. Kd2 Kc7 34. Ne2 Kd6 35. c4 bxc4 36. Kc3 Nd7 37. Kxc4 Nf6 38. Kd3 Ng4 39. Nc3 Nf6 40. Na4 Nd7 41. Ke3 1/2-1/2

[Event "Hessen-ch Seniors op 10th"]
[Site "Bad Sooden-Allendorf"]
[Date "2014.04.30"]
[Round "5"]
[White "Kluger, Hans Peter"]
[Black "Liphardt, Bodo"]
[Result "1/2-1/2"]
[WhiteElo "1943"]
[BlackElo "1905"]
[PlyCount "62"]
[EventDate "2014.04.26"]
[EventType "swiss"]
[EventRounds "9"]
[EventCountry "GER"]
[SourceTitle "EXT 2018"]
[Source "ChessBase"]
[SourceDate "2017.10.13"]
[SourceVersion "1"]
[SourceVersionDate "2017.10.13"]
[SourceQuality "1"]

1. d4 d5 2. c4 Nc6 3. e3 e5 4. dxe5 d4 5. Nf3 Bb4+ 6. Nbd2 dxe3 7. fxe3 Bg4 8. Be2 Bxf3 9. Bxf3 Nxe5 10. 0-0 Bxd2 11. Bxd2 Nf6 12. Bxb7 Rb8 13. Qa4+ Qd7 14. Qxa7 Rxb7 15. Qa8+ Qd8 16. Qxb7 Qxd2 17. Qb5+ Ned7 18. Rad1 Qxe3+ 19. Kh1 0-0 20. Rxd7 Nxd7 21. Qxd7 Qe2 22. Qd1 Qxb2 23. Qa4 Qe2 24. Rb1 Re8 25. h3 g6 26. c5 Re6 27. Qd4 Qe5 28. Rb8+ Kg7 29. Qd8 Qe1+ 30. Kh2 Qe5+ 31. Kh1 Qe1+ 1/2-1/2